Statistics for 3 best players on each NBA team #1

Click here to take the quiz!

General Stats

  • This quiz has been taken 22 times
  • The average score is 11 of 18

Answer Stats

HintAnswer% Correct
LakersLebron James
94%
LakersAnthony Davis
89%
SunsDevin Booker
89%
CelticsJayson Tatum
89%
76ersJoel Embiid
89%
SunsKevin Durant
89%
76ersJames Harden
83%
CelticsJaylen Brown
83%
HornetsLaMelo Ball
78%
BullsZach LaVine
61%
BullsDeMar DeRozan
44%
CelticsKristaps Porzingis
44%
SunsBradley Beal
39%
BullsNikola Vucevic
33%
76ersTyrese Maxey
33%
LakersD'Angelo Russell
28%
HornetsMiles Bridges
28%
HornetsTerry Rozier
28%

Score Distribution

Percentile by Number Answered

Percent of People with Each Score

Your Score History

You have not taken this quiz